• 首页
  • 本馆介绍
  • 公告通知
  • 最新文献
  • 馆藏检索
  • 电子资源
  • 读者导购
  • 参考咨询
  • 我的图书馆
  • 登录
  • 详细信息显示
  • 放入我的书架
  • 预约/预借图书
  • 作者相关作品
  • 分类相关作品
  • 丛书相关作品
  • 出版社相关作品

书目信息

  • 表格格式
  • 工作单格式
  • 卡片格式
题名:
体育旅游导论
    
 
作者: 柳伯力 , 陶宇平 主编
分册:  
出版信息: 北京   人民体育出版社  2003
页数: 287页
开本: 20cm
丛书名:
单 册:
中图分类: G80-05
科图分类:
主题词: 体育--旅游--基本知识
电子资源:
ISBN: 7-5009-2490-9
000 00753nam0 2200229 45
001 002564264
005 20050112082811.2
010    @a7-5009-2490-9@dCNY17.00
100    @a20040120d2003 em y0chiy0110 ea
101 0  @achi
102    @aCN@b110000
105    @ay z 000yy
200 1  @a体育旅游导论@Ati yu lv you dao lun@f柳伯力,陶宇平主编@FLiu Bo Li,Tao Yu Ping Zhu Bian
210    @a北京@c人民体育出版社@d2003
215    @a287页@d20cm
330    @a本书共有九章,内容包括体育旅游的产生与发展、体育旅游者、体育旅游资源、体育旅游业、体育旅游市场、体育旅游的影响力等。
606 0  @a体育@x旅游@x基本知识
690    @aG80-05@v4
701  0 @a柳伯力@4主编
701  0 @a陶宇平@4主编
801  0 @aCN@bNLC@c20040316
905    @b342290-294@dG80-05@e142@f5
    
    体育旅游导论/柳伯力,陶宇平主编.-北京:人民体育出版社,2003
    287页;20cm
    
    
    ISBN 7-5009-2490-9:CNY17.00
    本书共有九章,内容包括体育旅游的产生与发展、体育旅游者、体育旅游资源、体育旅游业、体育旅游市场、体育旅游的影响力等。
●
相关链接 在E读中查询图书 在五车中查询图书 在当当中查询图书 在豆瓣中查询图书


正题名:体育旅游导论     索取号:G80-05/142         预约/预借

序号 登录号 条形码 馆藏地/架位号 状态 备注
1 0342290   203422901   第一样本阅览室/ [索取号:G80-05/142] 在馆    
2 0342291   203422910   第四借阅区/ [索取号:G80-05/142] 在馆    
3 0342292   203422929   第四借阅区/ [索取号:G80-05/142] 在馆    
4 0342293   203422938   第四借阅区/ [索取号:G80-05/142] 在馆    
5 0342294   203422947   第四借阅区/ [索取号:G80-05/142] 在馆    
唐山师范学院图书馆 欢迎您!
大连网信软件有限公司© 版权所有